Statistics for SPG SPAAG

Click here to take the quiz!

General Stats

  • This quiz has been taken 18 times
  • The average score is 4 of 6

Answer Stats

Answer% Correct
ZSU 57/2
83%
M109
75%
ZSU 23/4
75%
Gepard
58%
2S19
42%
Primus
33%

Score Distribution

Percentile by Number Answered

Percent of People with Each Score

Your Score History

You have not taken this quiz